Intermédes stratégiques / (Record no. 32961)

MARC details
000 -LEADER
campo de control de longitud fija 00882cam a2200289Ma 4500
001 - NÚMERO DE CONTROL
campo de control 100931
005 - FECHA Y HORA DE LA ÚLTIMA TRANSACCIÓN
campo de control 20230410105242.0
008 - DATOS DE LONGITUD FIJA--INFORMACIÓN GENERAL
campo de control de longitud fija 110204s2011 fr 000 0 fre d
035 ## - NÚMERO DE CONTROL DEL SISTEMA
Número de control de sistema (OCoLC)ocn718633568
040 ## - FUENTE DE CATALOGACIÓN
Centro catalogador/agencia de origen RERO labcud
Lengua de catalogación fre
Centro/agencia transcriptor CHRRO
020 ## - NÚMERO INTERNACIONAL ESTÁNDAR DEL LIBRO
Número Internacional Estándar del Libro 9782914319409
020 ## - NÚMERO INTERNACIONAL ESTÁNDAR DEL LIBRO
Número Internacional Estándar del Libro 2914319401
029 0# - OTRO NÚMERO DE CONTROL DE SISTEMA (OCLC)
Identificador de la biblioteca OCLC CHRRO
Número de control de sistema R005920082
035 ## - NÚMERO DE CONTROL DEL SISTEMA
Número de control de sistema (OCoLC)718633568
050 14 - SIGNATURA TOPOGRÁFICA DE LA BIBLIOTECA DEL CONGRESO
Número de clasificación U 162
Número de ítem L213i 2011
082 00 - NÚMERO DE LA CLASIFICACIÓN DECIMAL DEWEY
Número de clasificación 355.02
100 1# - ENTRADA PRINCIPAL--NOMBRE DE PERSONA
Nombre de persona La Maisonneuve, Eric de.
245 10 - MENCIÓN DEL TÍTULO
Título Intermédes stratégiques /
Mención de responsabilidad, etc. [Préface et textes de Eric de la Maisonneuve].
260 ## - PUBLICACIÓN, DISTRIBUCIÓN, ETC.
Lugar de publicación, distribución, etc. Paris :
Nombre del editor, distribuidor, etc. Société de stratégie,
Fecha de publicación, distribución, etc. 2011.
300 ## - DESCRIPCIÓN FÍSICA
Extensión 152 p.
490 0# - MENCIÓN DE SERIE
Mención de serie Cahiers d'Agir
500 ## - NOTA GENERAL
Nota general Reprend des articles parus dans la revue "Agir" Numéro de : "Les Cahiers d'agir", (2010/2011-hiver)n°4.
650 #0 - PUNTO DE ACCESO ADICIONAL DE MATERIA--TÉRMINO DE MATERIA
Término de materia o nombre geográfico como elemento de entrada Strategy.
650 #4 - PUNTO DE ACCESO ADICIONAL DE MATERIA--TÉRMINO DE MATERIA
Término de materia o nombre geográfico como elemento de entrada 20151200
942 ## - ELEMENTOS DE ENTRADA SECUNDARIOS (KOHA)
Fuente del sistema de clasificación o colocación Clasificación de Library of Congress
Tipo de ítem Koha
994 ## -
-- C0
-- DRFGD
Holdings
Estatus retirado Estado de pérdida Fuente del sistema de clasificación o colocación Estado de daño No para préstamo Colección Biblioteca de origen Biblioteca actual Ubicación en estantería Fecha de adquisición Serial enumeration / chronology Signatura topográfica completa Código de barras Visto por última vez Copia número Tipo de ítem Koha
    Clasificación de Library of Congress     Recursos Regionales Biblioteca Juan Bosch Biblioteca Juan Bosch Recursos Regionales (2do. Piso) 10/04/2023 1 U 162 L213i 2011 00000089963 23/10/2018 1